Countries That End With E - Statistics

General Stats
  • This quiz has been taken 117 times
  • The average score is 7 of 15
Answer Stats
Hint Answer % Correct
South America Chile
81%
Europe France
78%
South America Suriname
74%
North America Belize
70%
Europe Greece
70%
Africa Zimbabwe
60%
Europe Ukraine
56%
Africa Mozambique
54%
Africa Sao Tome and Principe
43%
Africa Sierra Leone
41%
Asia Singapore
28%
Africa Cabo Verde
23%
Africa Cote d'Ivoire
23%
Asia Timor-Leste
12%
Asia Palestine
8%
No matching quizzes found
Score Distribution
Percent of People with Each Score
Percentile by Number Answered
Your Score History
You have not taken this quiz